| 000 | 00766nam a2200217 a 4500 | ||
|---|---|---|---|
| 001 | 000005968 | ||
| 005 | 20200929151850.0 | ||
| 008 | 811231s1957 sp 000 0 spa | ||
| 040 |
_aDO-SdBNP _bspa _cBNPHU |
||
| 082 |
_a922.246 _bC579S, 1957. |
||
| 100 | 1 |
_aSanta Marina, Luys. _q(Luis Narciso Gregorio Gutiérrez Santa Marina), _d1898-1980. _916818 |
|
| 245 | 1 | 0 |
_aCisneros / _cLuys Santa Marina. |
| 250 | _a5a ed. | ||
| 260 |
_aMadrid : _bEspasa-Calpe, _c1957. |
||
| 300 |
_a162 p. ; _c18 cm. |
||
| 490 | 0 |
_aAustral _v157 |
|
| 600 | 1 | 4 |
_aJIMÉNEZ DE CISNEROS, FRANCISCO, _cCARDENAL _d1436?-1517. _916819 |
| 651 | 4 |
_aEspaña _xHistoria _xFernando E Isabel _y1479-1516 _916820 |
|
| 651 | 4 |
_aEspaña _xHistoria _xCarlos I _y1516-1556 _916821 |
|
| 830 | 0 |
_aAustral ; _n157 _916822 |
|
| 999 |
_c5764 _d5764 |
||